| 000 | 01996nam a2200541 i 4500 | ||
|---|---|---|---|
| 001 | 22002 | ||
| 003 | KOSZ 005 | ||
| 005 | 20200229125403.0 | ||
| 008 | 990506s1982 pl f |001 0 pol | ||
| 015 | _aPB 1983/1252 | ||
| 020 | _a8320802911 | ||
| 035 | _a991009207959705066 | ||
| 035 | _a(PL-WaBN)b12497988-48omnis_nlop | ||
| 035 | _ab12497988 | ||
| 035 | _a(OCoLC)749609701 | ||
| 035 | _a(PL)b0000001249798 | ||
| 035 | _a(EXLNZ-48OMNIS_NETWORK)9910024543305606 | ||
| 040 |
_aWA N _cWA N _dKOSZ 005/EG |
||
| 041 | 1 |
_apol _hfre |
|
| 046 | _k1982 | ||
| 080 | _a005.1 | ||
| 080 | _a316 | ||
| 100 | 1 |
_aCrozier, Michel _d(1922- ) _eAutor |
|
| 245 | 1 | 0 |
_aCzłowiek i system : _bograniczenia działania zespołowego / _cMichel Crozier, Erhard Friedberg ; przeł. [z fr.] i przedmową opatrzyła Krystyna Bolesta-Kukułka. |
| 246 | 1 |
_iTyt. oryg.: _aActeur et le système : _bles contraintes de l'action collective, _f1977 |
|
| 260 |
_aWarszawa : _bPańst. Wydaw. Ekonomiczne, _c1982. |
||
| 300 |
_a459, [1] s. ; _c21 cm. |
||
| 336 |
_2rdacontent _aTekst _btxt |
||
| 337 |
_2rdamedia _aBez urządzenia pośredniczącego _bn |
||
| 338 |
_2rdacarrier _aWolumin _bnc |
||
| 380 | _aKsiążki | ||
| 388 | _a1901-2000 | ||
| 388 | _a1945-1989 | ||
| 500 | _aTyt. oryg.: L'acteur et le système: les contraintes de l'action collective, 1977. | ||
| 504 | _aBibliogr. s. 441-455. - Indeks. | ||
| 650 | 7 |
_aAnaliza systemowa _2DBN |
|
| 650 | 7 |
_aOrganizacja _2DBN |
|
| 650 | 7 | _aSocjologia | |
| 650 | 7 |
_aPrakseologia _2DBN |
|
| 658 | _aSocjologia i społeczeństwo | ||
| 658 | _aZarządzanie i marketing | ||
| 700 | 1 |
_aBolesta-Kukułka, Krystyna _d(1941-2004) _eTłumaczenie |
|
| 700 | 1 |
_aFriedberg, Erhard _eAutor |
|
| 710 | 2 |
_aPaństwowe Wydawnictwo Ekonomiczne _4pbl |
|
| 856 |
_uhttp://koha.tu.koszalin.pl/cgi-bin/koha/opac-detail.pl?biblionumber=22002 _yKatalog online BPK |
||
| 942 |
_2UKD _cKS |
||
| 999 |
_c22002 _d22002 |
||